000 00448nam a2200181Ia 4500
001 25197
003 IN-NITTTR
005 20251114233320.0
008 251113s9999||||xx |||||||||||||| ||eng||
040 _beng
040 _cIN-NITTTR
041 _aeng
082 _a005.7565 C365V
100 _aChappell, David
245 0 _aVisual introduction to SQL /
_cChappell, David, Trimble, J Harvey
700 _a Trimble, J Harvey
942 _2ddc
_cBK
999 _c27826
_d27826